Transporte y medio ambiente /

Gespeichert in:
Bibliographische Detailangaben
1. Verfasser: Villegas López, Alejandro
Format: Text
Schlagworte:
Tags: Tag hinzufügen
Keine Tags, Fügen Sie den ersten Tag hinzu!

MARC

LEADER 00000 a a2200000 04500
001 5369
003
040
100 |a Villegas López, Alejandro  
245 |a Transporte y medio ambiente /  |c Alejandro Villegas López  
650 |a CONTAMINACION  
650 |a EFECTOS SOBRE EL MEDIO AMBIENTE  
650 |a TRANSPORTE  
650 |a POLITICA AMBIENTAL  
650 |a MEXICO  
773 |g número 333; páginas 94-101  
999 |c 20430  |d 20430